000 00531cam a2200157 a 4500
999 _c7955
_d7955
020 _a0256218935
050 0 0 _aHD62.7
_b.S5943
245 0 0 _aSmall business management :
_ban entrepreneur's guide to success /
_cWilliam L. Megginson ... [et al.].
250 _a2nd ed.
260 _aChicago :
_bIrwin,
_c1997.
300 _axxiv, 664 p. :
_bill. ;
_c26 cm. +
_e1 computer disk (3 1/2 in.)
650 0 _aSmall business
_xManagement.
650 0 _aSmall business
_xManagement
_xCase studies.
700 1 _aMegginson, William L.
942 _cBK